000
00333nam a2200145Ia 4500
008
191201s2011 xx 000 0 und d
082
_a
658.8
_b
MAM
100
_a
MADAN,Pankaj
245
0
_a
Marketing Management
250
_a
Rep
260
_a
N. Delhi
_b
Global Vision Pub
_c
2011
300
_a
616
650
_a
BBA
942
_2
ddc
_c
BK
999
_c
4973
_d
4973